000 00597cam a22002291 4500
001 sa 67003264
003 DLC
005 20260227112337.0
008 940805s1962 ii 000 0 pano
010 _asa 67003264
025 _aPL480:I-Pu-843
035 _a(OCoLC)30890849
040 _aDLC
_cCU
_dCU
_dDLC
050 0 0 _aDS485.K2
_bS546
100 1 _aSingh, Ram.
245 1 0 _aKashamīra te Kullū.
260 _c[1962]
300 _a159 p.
_c18 cm.
500 _aIn Panjabi.
651 0 _aJammu and Kashmir (India)
_xDescription and travel.
651 0 _aPunjab
_xDescription and travel.
999 _c73749
_d73749